Statistics for Dungeons and Dragons Aligments

Click here to take the quiz!

General Stats

  • This quiz has been taken 118 times
  • The average score is 8 of 9

Answer Stats

Aligment % Correct
True Neutral
98%
Chaotic Good
96%
Lawful Good
94%
Chaotic Evil
92%
Lawful Evil
89%
Chaotic Neutral
89%
Lawful Neutral
88%
Neutral Good
88%
Neutral Evil
84%

Score Distribution

Percentile by Number Answered

Percent of People with Each Score

Your Score History

You have not taken this quiz